[Event "Lets play"]
[Site "SchemingMind.com"]
[Date "2011.01.05"]
[Round "-"]
[White "jtrochez1"]
[Black "Majoanis"]
[Result "0-1"]
[WhiteCountry "HON"]
[BlackCountry "CAN"]
[WhiteElo "1557"]
[WhiteRD "49"]
[BlackElo "1447"]
[BlackRD "95"]
[GameID "271659"]

1. e4 e5 2. Nf3 Nf6 3. d3 Nc6 4. Be3 d5 5. exd5 Nxd5 6. Bd2 Be7 7. Nc3 O-O 8. Be2 Re8 9. O-O Bf5 10. a3 a5
11. Nxd5 Qxd5 12. c4 Qd7 13. Bc3 Bf8 14. Qa4 Nd4 15. Qxd7 Nxe2+ 16. Kh1 Bxd7 17. Bd2 Nf4 18. Bxf4 exf4 19. a4 Bb4 20. b3 h6
21. Nd4 Bc3 22. Rad1 Bxd4 23. f3 g5 24. Rfe1 Rxe1+ 25. Rxe1 Re8 26. Rxe8+ Bxe8 27. h3 Kg7 28. Kh2 Kf6 29. g4 Ke5 30. Kg2 Kd6
31. Kf1 Kc5
0-1

[Event "Lets play"]
[Site "SchemingMind.com"]
[Date "2011.01.05"]
[Round "-"]
[White "Majoanis"]
[Black "jtrochez1"]
[Result "1-0"]
[WhiteCountry "CAN"]
[BlackCountry "HON"]
[WhiteElo "1624"]
[WhiteRD "82"]
[BlackElo "1616"]
[BlackRD "50"]
[GameID "271660"]

1. d4 d5 2. Bg5 h6 3. Bh4 Nf6 4. Bxf6 gxf6 5. e3 a6 6. Nf3 Bg4 7. c3 Nc6 8. Nbd2 Qd7 9. h3 Bh5 10. Be2 Bg6
11. Nb3 e5 12. c4 Bb4+ 13. Kf1 e4 14. Nfd2 Bxd2 15. Qxd2 O-O-O 16. Nc5 Qe8 17. b4 Nb8 18. b5 axb5 19. cxb5 Nd7 20. Qa5 Nxc5
21. dxc5 Qe6 22. Rc1 Kd7 23. c6+ bxc6 24. Rxc6 Qe5 25. g3 Ra8 26. Qd2 Qa1+ 27. Kg2 Qxa2 28. Rc2 Qa7 29. Qxd5+ Kc8 30. b6 Rd8
31. Qxd8+ Kxd8 32. bxa7 Rxa7 33. Rhc1 f5 34. h4 h5 35. Bb5 Rb7 36. Rd2+ Kc8 37. Ba6
1-0

[Event "Lets play"]
[Site "SchemingMind.com"]
[Date "2011.01.03"]
[Round "-"]
[White "ChessAnarchist"]
[Black "jtrochez1"]
[Result "1-0"]
[WhiteCountry "USA"]
[BlackCountry "HON"]
[WhiteElo "1772"]
[WhiteRD "106"]
[BlackElo "1572"]
[BlackRD "51"]
[GameID "271661"]

1. d4 d5 2. c4 Nf6 3. cxd5 Nxd5 4. e4 Nf6 5. Nc3 c6 6. Nf3 Bg4 7. Be3 e6 8. Be2 Nbd7 9. O-O b6 10. Qa4 Nb8
11. Rfd1 Be7 12. d5 O-O 13. dxe6 Bxe6 14. Rxd8 Rxd8 15. Rd1 Rxd1+ 16. Bxd1 h6 17. Bb3 Bxb3 18. Qxb3 Nbd7 19. e5 Ng4 20. e6 Nxe3
21. fxe3 Nc5 22. exf7+ Kf8 23. Qc4 Rd8 24. Ne5
1-0

[Event "Lets play"]
[Site "SchemingMind.com"]
[Date "2011.01.05"]
[Round "-"]
[White "ChessAnarchist"]
[Black "Majoanis"]
[Result "1-0"]
[WhiteCountry "USA"]
[BlackCountry "CAN"]
[WhiteElo "1803"]
[WhiteRD "105"]
[BlackElo "1447"]
[BlackRD "95"]
[GameID "271662"]

1. d4 d5 2. c4 Nc6 3. Nc3 dxc4 4. Nf3 Nf6 5. e3 e5 6. d5 Ne7 7. Bxc4 Ng6 8. e4 Be7 9. O-O O-O 10. Qe2 Bg4
11. Rd1 Nh4 12. Kh1 Qc8 13. Bg5 Bxf3 14. gxf3 Qh3 15. Bxh4 Qxh4 16. Rg1 Nh5 17. Rg4 Nf4 18. Qe3 Qh3 19. Rag1 Bf6 20. Ne2 Nxe2
21. Bxe2 c6 22. R1g3
1-0

[Event "Lets play"]
[Site "SchemingMind.com"]
[Date "2011.01.03"]
[Round "-"]
[White "jtrochez1"]
[Black "ChessAnarchist"]
[Result "0-1"]
[WhiteCountry "HON"]
[BlackCountry "USA"]
[WhiteElo "1572"]
[WhiteRD "51"]
[BlackElo "1772"]
[BlackRD "106"]
[GameID "271663"]

1. e4 e6 2. d4 d5 3. e5 c5 4. c3 Nc6 5. Bb5 Bd7 6. Nf3 Nxe5 7. Nxe5 Bxb5 8. Qf3 Qf6 9. Qxf6 gxf6 10. Nf3 Bd6
11. Be3 b6 12. b3 Ne7 13. Nbd2 Rg8 14. dxc5 bxc5 15. g3 Bd3 16. c4 d4 17. Ne4 Bxe4 18. Nxd4 cxd4 19. O-O dxe3 20. fxe3 Bc5
21. Kf2 Nf5 22. Ke2 Rd8
0-1

[Event "Lets play"]
[Site "SchemingMind.com"]
[Date "2011.01.05"]
[Round "-"]
[White "Majoanis"]
[Black "ChessAnarchist"]
[Result "0-1"]
[WhiteCountry "CAN"]
[BlackCountry "USA"]
[WhiteElo "1598"]
[WhiteRD "75"]
[BlackElo "1843"]
[BlackRD "104"]
[GameID "271664"]

1. d4 Nf6 2. Nf3 c5 3. c3 g6 4. Bf4 Bg7 5. e3 O-O 6. Nbd2 d5 7. h3 Nc6 8. Be2 Bf5 9. O-O h6 10. Bh2 g5
11. Ne5 Nd7 12. Nxc6 bxc6 13. Bg4 Be6 14. Bxe6 fxe6 15. Qe2 Qb6 16. Rab1 cxd4 17. exd4 c5 18. dxc5 Nxc5 19. Be5 Bf6 20. Bh2 Nd7
21. Nb3 e5 22. Rbd1 e6 23. Qh5 Bg7 24. c4 Nf6 25. Qg6 e4 26. cxd5 exd5 27. Be5 Rad8
0-1

[Event "Lets play"]
[Site "SchemingMind.com"]
[Date "2011.01.03"]
[Round "-"]
[White "ampp"]
[Black "jtrochez1"]
[Result "0-1"]
[WhiteCountry "POR"]
[BlackCountry "HON"]
[WhiteElo "1135"]
[WhiteRD "44"]
[BlackElo "1581"]
[BlackRD "48"]
[GameID "271747"]

1. d4 d5 2. c4 e6 3. Nc3 a6 4. Nf3 c6 5. e3 Bb4 6. Bd2 Bxc3 7. Bxc3 Nf6 8. Be2 Ne4 9. Bb4 Nd7 10. O-O a5
11. Ba3 b6 12. cxd5 exd5 13. h3 Ba6 14. Bxa6 Rxa6 15. Ne5 Nxe5 16. dxe5 c5 17. f3 Ng3 18. Rf2 O-O 19. b3 Qc7 20. Qxd5 Rd8
0-1

[Event "Lets play"]
[Site "SchemingMind.com"]
[Date "2011.01.02"]
[Round "-"]
[White "jtrochez1"]
[Black "ampp"]
[Result "1-0"]
[WhiteCountry "HON"]
[BlackCountry "POR"]
[WhiteElo "1581"]
[WhiteRD "48"]
[BlackElo "1135"]
[BlackRD "44"]
[GameID "271750"]

1. e4 e5 2. Nf3 Nc6 3. Bc4 Nf6 4. Nc3 Bb4 5. d3 O-O 6. Bd2 a5 7. Nd5 Bxd2+ 8. Qxd2 b6 9. a4 Nxd5 10. Bxd5 Bb7
11. Nxe5 Rb8 12. c3 Nxe5 13. Bxb7 Rxb7 14. f3 d5 15. O-O dxe4 16. fxe4 Nxd3 17. Rad1 c5 18. Qxd3 Qe7 19. Rd2 Rbb8 20. Rdf2 f6
21. c4 Rbe8 22. Re2 Qb7 23. Qd5+
1-0

[Event "Lets play"]
[Site "SchemingMind.com"]
[Date "2011.01.03"]
[Round "-"]
[White "nammy"]
[Black "jtrochez1"]
[Result "0-1"]
[WhiteCountry "ENG"]
[BlackCountry "HON"]
[WhiteElo "930"]
[WhiteRD "52"]
[BlackElo "1581"]
[BlackRD "48"]
[GameID "271771"]

1. e4 e5 2. Nf3 Nc6 3. c3 d6 4. d3 Bd7 5. Be3 Be7 6. Nbd2 h6 7. d4 Nf6 8. d5 Nb8 9. Bd3 c5 10. h3 a6
11. a3 Qc8 12. O-O g5 13. h4 g4 14. Nh2 h5 15. f3 Rg8 16. b4 b6 17. Nb3 g3 18. Kh1 gxh2 19. Kxh2 Ng4+ 20. Kh1 Nxe3
21. Qe1 Nxg2 22. Qf2 Bxh4 23. Qxh4 Nxh4 24. a4 Ke7 25. Nd2 Bh3 26. Rfe1 Bg2+ 27. Kg1 Qh3 28. Nc4 Nxf3+ 29. Kf2 Nxe1 30. Rxe1 Qf3+
31. Kg1 Bh3+ 32. Kh2 Qg2#
0-1

[Event "Lets play"]
[Site "SchemingMind.com"]
[Date "2011.01.05"]
[Round "-"]
[White "nammy"]
[Black "Majoanis"]
[Result "0-1"]
[WhiteCountry "ENG"]
[BlackCountry "CAN"]
[WhiteElo "891"]
[WhiteRD "52"]
[BlackElo "1429"]
[BlackRD "96"]
[GameID "271772"]

1. e4 c6 2. c3 d5 3. f3 e5 4. d4 dxe4 5. fxe4 Qh4+ 6. g3 Qxe4+ 7. Ne2 Qxh1 8. Kd2 Qxh2 9. Kc2 Bf5+ 10. Kb3 a5
11. dxe5 a4+ 12. Kc4 b5+ 13. Kd4 Na6 14. Nf4 Bc5#
0-1

[Event "Lets play"]
[Site "SchemingMind.com"]
[Date "2011.01.02"]
[Round "-"]
[White "nammy"]
[Black "ampp"]
[Result "1-0"]
[WhiteCountry "ENG"]
[BlackCountry "POR"]
[WhiteElo "930"]
[WhiteRD "52"]
[BlackElo "1135"]
[BlackRD "44"]
[GameID "271773"]

1. e4 e5 2. Nf3 Nc6 3. c3 Nf6 4. d3 d5 5. Be3 Be7 6. Nbd2 dxe4 7. dxe4 O-O 8. h3 a6 9. Bd3 h6 10. O-O b5
11. c4 Rb8 12. b3 Qxd3 13. a4 Bb4 14. Ra2 Bxd2 15. Rxd2 Qxe4 16. Ne1 Be6 17. Qe2 Rbd8 18. f3 Rxd2 19. Qxd2
1-0

[Event "Lets play"]
[Site "SchemingMind.com"]
[Date "2011.01.03"]
[Round "-"]
[White "nammy"]
[Black "ChessAnarchist"]
[Result "0-1"]
[WhiteCountry "ENG"]
[BlackCountry "USA"]
[WhiteElo "891"]
[WhiteRD "52"]
[BlackElo "1772"]
[BlackRD "106"]
[GameID "271774"]

1. e4 e6 2. Nf3 d5 3. e5 c5 4. c3 Nc6 5. Qe2 Nge7 6. d3 Ng6 7. Be3 f6 8. d4 cxd4 9. cxd4 fxe5 10. Nc3 e4
11. Nd2 Be7 12. f3 exf3 13. gxf3 Bh4+ 14. Kd1 O-O 15. Bg2 Nge7 16. b3 Nf5 17. a3 Ncxd4 18. Qd3 Nxe3+ 19. Qxe3 Nf5 20. Qd3 Bf6
21. Bh3 Nd4 22. f4 Qc7 23. f5 Nxf5 24. Bf1 Qxc3 25. Qe2 Qxa1+ 26. Kc2 Nd4+ 27. Kd3 Nxe2 28. Kxe2 e5 29. h4 Bg4+ 30. Kf2 Qd4+
31. Ke1 Bxh4+ 32. Rxh4 Qf2#
0-1

[Event "Lets play"]
[Site "SchemingMind.com"]
[Date "2011.01.03"]
[Round "-"]
[White "jtrochez1"]
[Black "nammy"]
[Result "1-0"]
[WhiteCountry "HON"]
[BlackCountry "ENG"]
[WhiteElo "1581"]
[WhiteRD "48"]
[BlackElo "930"]
[BlackRD "52"]
[GameID "271775"]

1. e4 e5 2. Nf3 d6 3. h3 f6 4. Bc4 Ne7 5. d4 Nbc6 6. Bb5 Be6 7. d5 Bd7 8. dxc6 bxc6 9. Bd3 Bc8 10. c4 g6
11. Be3 Be6 12. b3 d5 13. Qc2 f5 14. Nbd2 h6 15. cxd5 cxd5 16. Nxe5 Bg7 17. Bd4 Bg8 18. Bb5+ Kf8 19. Nd7+ Kf7 20. Bxg7 Kxg7
21. Qc3+ Kf7 22. Qf6+ Ke8 23. Nb6+ c6 24. Qxh8 Qxb6 25. Be2 dxe4 26. Qxh6 c5 27. Nc4 Qb7 28. Nd6+ Kd8 29. Nxb7+ Kc8 30. Qf8+ Kxb7
31. Qxe7+ Kb6 32. Qe6+ Ka5 33. Qxg6 a6 34. Qxf5 Kb6 35. Qxe4 Rb8 36. a4 Bxb3 37. a5+ Kc7 38. Qe5+ Kc6 39. Qxb8 Bd5 40. Bf3 c4
41. Qb6+ Kd7 42. Bxd5 Ke8 43. Bc6+ Ke7 44. O-O-O Ke6 45. Rhe1+ Kf6 46. Be8+ Kg7 47. Rd7+ Kf8 48. Qh6+ Kg8 49. Qg7#
1-0

[Event "Lets play"]
[Site "SchemingMind.com"]
[Date "2011.01.06"]
[Round "-"]
[White "Majoanis"]
[Black "nammy"]
[Result "1-0"]
[WhiteCountry "CAN"]
[BlackCountry "ENG"]
[WhiteElo "1429"]
[WhiteRD "96"]
[BlackElo "891"]
[BlackRD "52"]
[GameID "271776"]

1. d4 d5 2. c4 e6 3. Nf3 Ne7 4. Nc3 Nbc6 5. e3 f6 6. Be2 g6 7. h4 h6 8. e4 Bg7 9. O-O f5 10. cxd5 Nb8
11. dxe6 Bxe6 12. d5 Bd7 13. Be3 c6 14. Bd4 Rg8 15. d6 Nc8 16. Bc4 Nxd6 17. Bxg8 Bf8 18. e5 c5 19. exd6 Bxd6 20. Re1+ Kf8
21. Qb3 g5 22. Qf7#
1-0

[Event "Lets play"]
[Site "SchemingMind.com"]
[Date "2011.01.03"]
[Round "-"]
[White "ampp"]
[Black "nammy"]
[Result "1-0"]
[WhiteCountry "POR"]
[BlackCountry "ENG"]
[WhiteElo "1135"]
[WhiteRD "44"]
[BlackElo "930"]
[BlackRD "52"]
[GameID "271777"]

1. d4 d5 2. c4 e6 3. Nc3 b6 4. e3 Nf6 5. Nf3 c5 6. Be2 Nc6 7. O-O Bd6 8. dxc5 Bxc5 9. a3 Ne7 10. cxd5 Qc7
11. dxe6 fxe6 12. h3 Nc6 13. b4 Be7 14. Nb5 Qb7 15. Bb2 Qa6 16. Nc7+ Kf8 17. Nxa6 Bxa6 18. Bxa6 h6 19. Bb7 Rb8 20. Bxc6 a5
21. Ne5 Rg8 22. Ng6+ Kf7 23. Nxe7 Kxe7 24. Bxf6+ Kxf6 25. Qd4+ e5 26. Qd6+ Kf5 27. e4+ Kg5 28. Qxe5+ Kg6 29. Qf5#
1-0

[Event "Lets play"]
[Site "SchemingMind.com"]
[Date "2011.01.03"]
[Round "-"]
[White "ChessAnarchist"]
[Black "nammy"]
[Result "1-0"]
[WhiteCountry "USA"]
[BlackCountry "ENG"]
[WhiteElo "1675"]
[WhiteRD "130"]
[BlackElo "930"]
[BlackRD "52"]
[GameID "271778"]

1. d4 d5 2. c4 e6 3. Nf3 Bd6 4. g3 Ne7 5. Bg2 dxc4 6. O-O Nbc6 7. Qa4 a6 8. Qxc4 Na5 9. Qa4+ b5 10. Qxa5 Nc6
11. Qc3 a5 12. Qxc6+ Ke7 13. Qxa8 Kf6 14. Qe4 g6 15. Bg5+ Kg7 16. Bxd8 Rxd8 17. Nc3 Bd7 18. Ne5 Be8 19. Qh4 Rc8 20. Ne4 Bd7
21. Qf6+ Kg8 22. Qxf7+ Kh8 23. Nf6 Rd8 24. Qxh7#
1-0

[Event "Lets play"]
[Site "SchemingMind.com"]
[Date "2011.01.03"]
[Round "-"]
[White "agoodhobby"]
[Black "jtrochez1"]
[Result "1/2-1/2"]
[WhiteCountry "USA"]
[BlackCountry "HON"]
[WhiteElo "1619"]
[WhiteRD "74"]
[BlackElo "1572"]
[BlackRD "51"]
[GameID "271786"]

1. e4 e5 2. Nf3 Nc6 3. Bb5 d6 4. d4 Bd7 5. Nc3 h6 6. O-O Nf6 7. Re1 Be7 8. d5 Nb8 9. Bxd7+ Nbxd7 10. Be3 a6
11. Ne2 Nxe4 12. Ng3 Nxg3 13. hxg3 g5 14. Qd3 Nf6 15. Nh2 Qd7 16. f4 g4 17. Bd2 e4 18. Qe2 h5 19. Bc3 O-O-O 20. Bxf6 Bxf6
21. c4 Bd4+ 22. Kf1 f5 23. Qd1 Bc5 24. Ke2 Rhe8 25. Kd2 Bb4+ 26. Kc2 Bxe1 27. Qxe1 Re7 28. Nf1 Rde8 29. Ne3 c5 30. Qc3 Rh7
31. Qf6 Rf7 32. Qg6 Rg7 33. Qxh5 Rh7 34. Qxf5 Qxf5 35. Nxf5 Kc7 36. Nh4 b6 37. Re1 Kd7 38. a3 a5 39. Kc3 Kc7 40. b4 e3
41. Nf5 e2 42. Kd2 Rh2 43. Ne3 axb4 44. axb4 cxb4 45. Rxe2 Rg8 46. Re1 Rh7 47. Nc2 b3 48. Nd4 Ra8 49. Kc3 Ra2 50. Kxb3 Rxg2
51. Ra1 Rxg3+ 52. Kb4 Kb7 53. Nb5 Rhh3 54. Nxd6+ Kc7 55. Nb5+ Kb8 56. d6 Rd3 57. Ra7 Rxd6 58. Rg7 Rdd3 59. Rxg4 Rdg3 60. Rxg3 Rxg3
61. f5 Rf3 62. Nd6 Kc7 63. c5 bxc5+ 64. Kxc5 Rc3+ 65. Kd5 Rd3+ 66. Ke5 Rxd6 67. f6 Rxf6 68. Kxf6
1/2-1/2

[Event "Lets play"]
[Site "SchemingMind.com"]
[Date "2011.01.05"]
[Round "-"]
[White "agoodhobby"]
[Black "Majoanis"]
[Result "0-1"]
[WhiteCountry "USA"]
[BlackCountry "CAN"]
[WhiteElo "1557"]
[WhiteRD "66"]
[BlackElo "1624"]
[BlackRD "82"]
[GameID "271787"]

1. e4 e5 2. Nf3 Nf6 3. Nxe5 d6 4. Nf3 Nxe4 5. d4 d5 6. Bd3 Nc6 7. O-O Be7 8. Re1 Bg4 9. c4 Nf6 10. Nc3 Bxf3
11. Qxf3 Nxd4 12. Qe3 Ne6 13. cxd5 Nxd5 14. Nxd5 Qxd5 15. b3 O-O 16. Bc4 Qa5 17. Bxe6 Bc5 18. Qe5 fxe6 19. Qxe6+ Kh8 20. Bb2 Bxf2+
21. Kh1 Bxe1 22. Rxe1 Qd2 23. Qe5 Rg8 24. h3 Qd7 25. Re4 Rae8 26. Qd4 Qxd4 27. Rxd4 Re7 28. h4 Rge8 29. Rg4 Kg8 30. h5 h6
31. Rf4 Rd8 32. a3 Rd5 33. Rh4 a5 34. Bc3 b6
0-1

[Event "Lets play"]
[Site "SchemingMind.com"]
[Date "2011.01.03"]
[Round "-"]
[White "agoodhobby"]
[Black "nammy"]
[Result "1-0"]
[WhiteCountry "USA"]
[BlackCountry "ENG"]
[WhiteElo "1632"]
[WhiteRD "79"]
[BlackElo "930"]
[BlackRD "52"]
[GameID "271788"]

1. e4 e5 2. Nf3 Nf6 3. Nxe5 d6 4. Nf3 c6 5. Nc3 Nbd7 6. d4 g6 7. Bc4 a6 8. O-O Nb6 9. e5 Nfd7 10. Bg5 Qc7
11. e6 fxe6 12. Bxe6 c5 13. Re1 h6 14. Bd5+ Be7 15. Rxe7+ Kf8 16. Rf7+ Ke8 17. Qe2+ Ne5 18. Rxc7 Kf8 19. Rf7+ Ke8 20. Nxe5 hxg5
21. Nc6+ Be6 22. Qxe6#
1-0

[Event "Lets play"]
[Site "SchemingMind.com"]
[Date "2011.01.03"]
[Round "-"]
[White "agoodhobby"]
[Black "ampp"]
[Result "1-0"]
[WhiteCountry "USA"]
[BlackCountry "POR"]
[WhiteElo "1632"]
[WhiteRD "79"]
[BlackElo "1135"]
[BlackRD "44"]
[GameID "271789"]

1. e4 e5 2. Nf3 Nc6 3. Bb5 a6 4. Ba4 b5 5. Bb3 Nf6 6. O-O Be7 7. Re1 O-O 8. c3 Na5 9. Bc2 Bb7 10. d4 d6
11. h3 d5 12. Nbd2 exd4 13. cxd4 Nc4 14. exd5 Bb4 15. Re2 Bxd5 16. Nxc4 Bxc4 17. Bd3 Bxd3 18. Qxd3 Nd5 19. Ne5 Qd6 20. Bd2 Bxd2
21. Qxd2 f6 22. Nf3 c6 23. Rae1 Nf4 24. Re4 c5 25. Rxf4 Rfe8 26. Rxe8+ Rxe8 27. dxc5 Qxc5 28. Qd7
1-0

[Event "Lets play"]
[Site "SchemingMind.com"]
[Date "2011.01.03"]
[Round "-"]
[White "agoodhobby"]
[Black "ChessAnarchist"]
[Result "0-1"]
[WhiteCountry "USA"]
[BlackCountry "USA"]
[WhiteElo "1619"]
[WhiteRD "74"]
[BlackElo "1772"]
[BlackRD "106"]
[GameID "271790"]

1. e4 e6 2. d4 d5 3. Nc3 Nf6 4. e5 Nfd7 5. f4 c5 6. Nf3 Nc6 7. Be3 a6 8. Qd2 b5 9. a3 Bb7 10. Bd3 Qb6
11. Qf2 c4 12. Be2 Ne7 13. b4 cxb3 14. cxb3 Rc8 15. Bd2 h5 16. h3 Nf5 17. O-O Be7 18. Nd1 h4 19. Ne3 Nxd4 20. Nxd4 Qxd4
21. Bg4 Nc5 22. Nc2 Qxf2+ 23. Rxf2 Ne4 24. Re2 Rxc2 25. Ba5 Rxe2 26. Bxe2 Bc5+ 27. Kh2 Kd7 28. Bd3 Nf2 29. Be2 d4
0-1

[Event "Lets play"]
[Site "SchemingMind.com"]
[Date "2011.01.03"]
[Round "-"]
[White "jtrochez1"]
[Black "agoodhobby"]
[Result "1/2-1/2"]
[WhiteCountry "HON"]
[BlackCountry "USA"]
[WhiteElo "1572"]
[WhiteRD "51"]
[BlackElo "1619"]
[BlackRD "74"]
[GameID "271791"]

1. e4 c5 2. Nf3 d6 3. h3 Nf6 4. Nc3 Nc6 5. d4 cxd4 6. Nxd4 e6 7. Nxc6 bxc6 8. e5 Nd5 9. exd6 Bxd6 10. Nxd5 cxd5
11. Bd3 O-O 12. O-O Qb6 13. b3 a5 14. a4 e5 15. Be3 d4 16. Bc1 Bb7 17. f3 g6 18. Kh1 f5 19. Bh6 Rfe8 20. Bc4+ Kh8
21. Re1 Ba6 22. Bxa6 Rxa6 23. f4 e4 24. Qf3 Raa8 25. Qd1 Be7 26. Rb1 Rg8 27. Bg5 Bxg5 28. fxg5 Qd6 29. c4 d3 30. Qd2 Kg7
31. Qc3+ Kf8 32. c5 Qf4 33. Qf6+ Ke8 34. Rf1 Qc7 35. Qe6+ Kf8 36. Qf6+ Qf7 37. Qd6+ Qe7 38. Qc6 Kg7 39. g4 Qxg5 40. gxf5 Raf8
41. Qxe4 Rxf5 42. Qxd3 Rxf1+ 43. Rxf1 Qxc5 44. Qd7+ Kh6 45. Qd2+ Qg5 46. Qxg5+ Kxg5 47. Kg2 Rb8 48. Rf3 h5 49. Rc3 Kh6 50. h4 g5
51. Rc6+ Kg7 52. hxg5 Rxb3 53. Ra6 Rb2+ 54. Kg3 Rb4 55. Rxa5 Rg4+ 56. Kf3 Rb4 57. Kg3 Kg6 58. Kh3 h4 59. Kg2 Kh5 60. Kh3 Rb3+
61. Kh2 h3 62. Rb5 Ra3 63. a5 Kg4 64. g6 Ra2+ 65. Kh1 Ra1+ 66. Kh2 Ra2+ 67. Kh1 Ra1+ 68. Kh2 Ra2+ 69. Kh1 Ra1+ 70. Kh2 Ra2+
71. Kh1 Ra1+ 72. Kh2=
1/2-1/2

[Event "Lets play"]
[Site "SchemingMind.com"]
[Date "2011.01.05"]
[Round "-"]
[White "Majoanis"]
[Black "agoodhobby"]
[Result "1-0"]
[WhiteCountry "CAN"]
[BlackCountry "USA"]
[WhiteElo "1624"]
[WhiteRD "82"]
[BlackElo "1557"]
[BlackRD "66"]
[GameID "271792"]

1. d4 d5 2. Nf3 Nc6 3. Bf4 Nf6 4. e3 Bg4 5. Nbd2 e6 6. c4 Bb4 7. Be2 Bxf3 8. Bxf3 dxc4 9. O-O c3 10. bxc3 Bxc3
11. Rc1 Bxd2 12. Qxd2 Qd7 13. Qb2 Na5 14. Qb4 c6 15. Qxa5 O-O 16. h3 Nd5 17. Bxd5 exd5 18. Bg3 f5 19. Be5 b6 20. Qd2 g5
21. f4 h6 22. Qe2 Rac8 23. Qh5 Qh7 24. fxg5 hxg5 25. Qxg5+ Kf7 26. Rxf5+ Ke8 27. Rxf8+ Kxf8 28. Rf1+ Ke8 29. Bd6 Kd7 30. Qg4+ Kxd6
31. Qxc8 Qh4 32. Qf8+ Ke6 33. Qe8+
1-0

[Event "Lets play"]
[Site "SchemingMind.com"]
[Date "2011.01.03"]
[Round "-"]
[White "nammy"]
[Black "agoodhobby"]
[Result "0-1"]
[WhiteCountry "ENG"]
[BlackCountry "USA"]
[WhiteElo "930"]
[WhiteRD "52"]
[BlackElo "1632"]
[BlackRD "79"]
[GameID "271793"]

1. e4 c5 2. c3 e5 3. Nf3 Nf6 4. d3 d5 5. Nbd2 Bg4 6. Nb3 dxe4 7. dxe4 Qxd1+ 8. Kxd1 Nxe4 9. Be3 Nxf2+ 10. Bxf2 Bd6
11. h3 c4 12. Nd2 Bxf3+ 13. gxf3 O-O 14. Nxc4 Rd8 15. Bg3 Nc6 16. Ne3 Bc5+ 17. Ke2 Rd7 18. Nc4 Rad8 19. a3 b5 20. Nd2 Rxd2+
21. Ke1 Rxb2 22. f4 Rdd2 23. Bxb5 Na5 24. fxe5 Nb3 25. Bc4 Nxa1 26. Rf1 Be3 27. e6 Rb1#
0-1

[Event "Lets play"]
[Site "SchemingMind.com"]
[Date "2011.01.03"]
[Round "-"]
[White "ampp"]
[Black "agoodhobby"]
[Result "0-1"]
[WhiteCountry "POR"]
[BlackCountry "USA"]
[WhiteElo "1135"]
[WhiteRD "44"]
[BlackElo "1632"]
[BlackRD "79"]
[GameID "271794"]

1. d4 d5 2. c4 e6 3. Nc3 Nf6 4. Nf3 Be7 5. e3 c5 6. Bd3 O-O 7. O-O Nc6 8. dxc5 Bxc5 9. a3 a6 10. b4 Bd6
11. c5 Bc7 12. Qc2 b6 13. cxb6 Bxb6 14. h3 d4 15. exd4 Nxd4 16. Nxd4 Qxd4 17. Bg5 g6 18. Rad1 Qe5 19. Rfe1 Qxg5 20. Ne4 Bb7
21. a4 Nxe4 22. Bxe4 Bxe4 23. Rxe4 Rac8 24. Rc4 Rxc4 25. Qxc4 f5 26. Qxe6+ Rf7 27. Qxb6 f4 28. Qxa6 f3 29. g3 Qf5 30. Rd8+ Kg7
0-1

[Event "Lets play"]
[Site "SchemingMind.com"]
[Date "2011.01.03"]
[Round "-"]
[White "ChessAnarchist"]
[Black "agoodhobby"]
[Result "1/2-1/2"]
[WhiteCountry "USA"]
[BlackCountry "USA"]
[WhiteElo "1772"]
[WhiteRD "106"]
[BlackElo "1619"]
[BlackRD "74"]
[GameID "271795"]

1. d4 d5 2. c4 e6 3. Nf3 Nf6 4. g3 Be7 5. Bg2 O-O 6. O-O Nbd7 7. Qc2 c6 8. Nbd2 b6 9. e4 Bb7 10. Re1 dxe4
11. Nxe4 Nxe4 12. Qxe4 Nf6 13. Qc2 c5 14. b3 cxd4 15. Bb2 d3 16. Qd2 Ne4 17. Qe3 Bc5 18. Nd4 d2 19. Red1 e5 20. Bxe4 exd4
21. Qd3 Bxe4 22. Qxe4 Re8 23. Qd3 Re1+ 24. Rxe1 dxe1=Q+ 25. Rxe1 Qd6 26. Rd1=
1/2-1/2